000 00966cam a22003135i 4500
999 _c1526
_d1526
003 EG-ScBUE
005 20201128013223.0
008 081119t20052005xxua f b 001 0 eng d
020 _a0077108094
020 _a9780077108090
040 _aEG-ScBUE
_beng
_erda
_cEG-ScBUE
_dEG-ScBUE
082 0 4 _a650.01513
_bDAV
_222
100 1 _aDavies, Tony,
_eauthor.
245 1 0 _aBusiness accounting and finance /
_cTony Davies, Tony Boczko.
250 _aSecond edition.
264 1 _aLondon :
_bMcGraw-Hill Book Co.,
_c[2005]
264 4 _cc2005
300 _axxiii, 767 pages :
_billustrations ;
_c26 cm
336 _atext
_btxt
_2rdacontent
337 _aunmediated
_bn
_2rdamedia
338 _avolume
_bnc
_2rdacarrier
500 _aIncludes index.
650 7 _aAccounting
_2BUEsh
650 7 _aBusiness enterprises
_xFinance.
_2BUEsh
651 _2BUEsh
653 _bBUSADM
_cAugust2020
700 1 _aBaczko, Tony,
_eauthor.
_91274
942 _cBB
_2ddc